000 00725nam a2200229 a 4500
999 _c3860
_d3860
001 3860
003 BD-JhCC
005 20171119162418.0
008 171119s1370 bg |||| ||a| 000 0 ben d
035 _a(BD-JhCC)3860
040 _aBD-JhCC
_dBD-JhCC
041 _aben
082 _a398.09
_bRAJ 1370
100 _aরাজশাহীর ছড়া
245 _aরাজশাহীর ছড়া /
_cআলমগীর জলীল সম্পাদিত
260 _aঢাকা :
_bবাংলা একাডেমী,
_c1370
300 _a85 p. :
_c22 cm.
650 _aFolk-Rhymes
_xRajshahi
700 _aজলীল, আলমগীর সম্পাদিত
942 _2ddc
_cBK